1975 1135 1701 1877 1640 1213 1205 1651 1697 1681 1460 1345 1881 1543 1824 1222 1383 1699 1258 1294 1723 1805 1118 1996 1504 1183 1685 1212 1366 1141 1428 1989 1722 1897 1262 1879 1698 1913 1139 1633 1583 1607 1344 1834 1575 1901 1339 1814 1575 1041 1901 1822 1603 1416 1642 1385 1865 1494 1812 1919 1303 1388 1707 1704 1913 1120 1664 1413 1677 1008 1878 1544 1386 1951 1365 1583 1688 1310 1174 1678 1759 1902 1740 1689 1143 1735 1090 1764 1316 1674 1584 1349 1228 1668 1674 1490 1143 1855 1705 BCNSPRNW ULIB Ver.6.0+V

เปลี่ยนเป็นภาษาไทย

Change to English
 แสดงรายละเอียดบรรณานุกรม
  กลับหน้าหลัก

Brief Record : Get Marc (ISO 2709) : E-mail record : QR code < ปิดหน้าต่าง
LEADER : 00000nam 2200000uu 4500
001    13399113807
003     ULIB
008    120106s2554||||th 000 0 tha d
020    ^a9786160603725
090    ^aนว.^bฌ111ว
100 0  ^aฌามิวอาห์
245 00 ^aวิวาห์ปรารถนา/^cฌามิวอาห์
250    ^aพิมพ์ครั้งที่ 2
260    ^aกรุงเทพฯ :^bแจ่มใส,^c2554
300    ^a390 หน้า
995    ^aเกษร
999    ^aใช้งานได้ทุกระบบ
รายการนี้ยังไม่มีแท็ก
คุณยังไม่ได้ล็อกอิน คุณสามารถมีกิจกรรมร่วมกับเว็บไซต์ได้ แต่ต้องล็อกอินก่อน ::
  ล็อกอิน

รายการสื่อสารสนเทศ

ลำดับที่ ประเภท เลขเรียก/บาร์โค้ด สถานที่ สถานะ
- ไม่พบข้อมูล -

รายการใกล้เคียง
    ผู้แต่ง [ฌามิวอาห์]

BibComment


ยังไม่เคยถูกคอมเมนท์

คอมเมนท์ทรัพยากรรายการนี้
  คอมเมนท์: วิวาห์ปรารถนา ฌา..


 Copyright 2026. Bcnsprnw @Library